000
00211nam a2200085Ia 4500
008
170617s9999 xx 000 0 und d
100
_a
GHOSH- BIJAYA
245
0
_a
BASIC CONCEPTS IN PHARMA. RESUERCH
260
_b
NEW DELHI-CBS
260
_c
2010
999
_c
15485
_d
15485